Carta : a toda la compañía : sobre el fervor con que se ha de foemntar el culto del Sagrado Corazón de Jesús / [por] Ledochowski Wlodimiro
-д хадгалсан:
| Үндсэн зохиолч: | |
|---|---|
| Формат: | Ном |
| Нөхцлүүд: | |
| Шошгууд: |
Шошго байхгүй, Энэхүү баримтыг шошголох эхний хүн болох!
|
MARC
| LEADER | 00000nam^a2200000^u^4500 | ||
|---|---|---|---|
| 001 | 000544303 | ||
| 005 | 20250521000000.0 | ||
| 008 | 060220s1000^^^^^^^^^^^^r^^^^^000^0^spa^d | ||
| 009 | 20260310131324.889 | ||
| 035 | |a FMI 000013444 | ||
| 037 | |a Acervo Xavier Clavigero | ||
| 096 | |a 5.1.1/13/C | ||
| 100 | |a Wlodimiro, Ledochowski |e (autor) | ||
| 245 | 1 | 0 | |a Carta : a toda la compañía : sobre el fervor con que se ha de foemntar el culto del Sagrado Corazón de Jesús / [por] Ledochowski Wlodimiro |
| 264 | |a [S. l.] : Imprenta Priavada del Colegio ; OÑA, 1919 | ||
| 300 | |a 19 p. | ||
| 336 | |a texto |b txt |2 rdacontenido | ||
| 337 | |a sin mediación |b n |2 rdamedio | ||
| 338 | |a volumen |b nc |2 rdasoporte | ||
| 649 | |a XX | ||
| 650 | |a SAGRADO CORAZON | ||
| 910 | |a Fondo Francisco Migoya Covarrubias S.J. | ||
| 920 | |a Impresos - Libros | ||
| 930 | |a Fondos Especiales | ||
| 905 | |a 134 | ||
| 901 | |a SBC16703 |b IT2 |c ESP |u 20250521 | ||
| 902 | |a https://opac.biblio.iteso.mx/vufind/Record/000544303 | ||